|
|
|
|
| LEADER |
00000nam0a2200000 4500 |
| 001 |
127405 |
| 005 |
20231031132226.0 |
| 035 |
|
|
|a (RuTPU)RU\TPU\book\137821
|
| 090 |
|
|
|a 127405
|
| 100 |
|
|
|a 20071214d1969 m y0rusy50 ca
|
| 101 |
0 |
|
|a rus
|
| 102 |
|
|
|a RU
|
| 105 |
|
|
|a a j 000zy
|
| 200 |
1 |
|
|a Занимательные задачи по проекционному черчению
|f В. В. Рассохин, С. В. Розов, Н. А. Целинский
|
| 205 |
|
|
|a 2-е изд., перераб. и доп.
|
| 210 |
|
|
|a Москва
|c Машиностроение
|d 1969
|
| 215 |
|
|
|a 176 с.
|c ил.
|
| 610 |
1 |
|
|a черчение
|
| 610 |
1 |
|
|a проекционное черчение
|
| 610 |
1 |
|
|a задачи
|
| 610 |
1 |
|
|a занимательные задачи
|
| 610 |
1 |
|
|a решение
|
| 675 |
|
|
|a 744:621(076)
|v 3
|
| 700 |
|
1 |
|a Рассохин
|b В. В.
|g Валериан Васильевич
|
| 701 |
|
1 |
|a Розов
|b С. В.
|g Серафим Васильевич
|
| 701 |
|
1 |
|a Целинский
|b Н. А.
|g Николай Александрович
|
| 801 |
|
1 |
|a RU
|b 63413507
|c 20071214
|g PSBO
|
| 801 |
|
2 |
|a RU
|b 63413507
|c 20181228
|g PSBO
|
| 942 |
|
|
|c BK
|